| 000 | 01350nam a22003617a 4500 | ||
|---|---|---|---|
| 003 | CHAP | ||
| 005 | 20220329134353.0 | ||
| 008 | 971013s1982 r 00010 d | ||
| 010 | _a19499 | ||
| 011 | _a20471 | ||
| 035 | _a24559 | ||
| 040 | _cCHAP | ||
| 082 |
_a636.08 _bD5 |
||
| 245 | _aDiccionario terminológico de ciencias veterinarias y zootecnia; inglés-español | ||
| 260 |
_aLa Habana - Ed. Cientifico-Técnica, _c1982 |
||
| 300 | _a167 p. | ||
| 590 |
_aBATCH-UPD _b10 _c20130110 _lUCH01 _h0140 |
||
| 590 |
_aBATCH-UPD _b10 _c20130110 _lUCH01 _h2129 |
||
| 590 |
_aBATCH-UPD _b10 _c20130410 _lUCH01 _h1439 |
||
| 590 |
_aBATCH-UPD _b10 _c20130914 _lUCH01 _h1456 |
||
| 590 |
_aCONVERSION _b10 _c20130109 _lUCH01 _h1312 |
||
| 650 | 1 | 4 |
_aGanadería _xDiccionarios. _944684 |
| 650 | 1 | 4 |
_aVeterinaria _xDiccionarios. _9118993 |
| 700 | 0 |
_aNavarro Pruneda, Gilberto. _980587 |
|
| 901 | _aBK | ||
| 942 | _cLIBRO | ||
| 949 |
_a636.08 D5 _bBC _cC _d33724000573036 _eC _h68180 _i24559 _mD _si |
||
| 949 |
_a636.08 D5 _bBC _cC _d33724000616322 _eC _fc.2 _h68560 _i24559 _mD _si |
||
| 949 |
_a636.08 D5 _bBC _cC _d33724000657854 _eC _fc.3 _h76511 _i24559 _si |
||
| 949 |
_a636.08 D5 _bBC _cC _d33724000658548 _eC _fc.4 _h76512 _i24559 _si |
||
| 949 |
_a636.08 D5 _bBC _cC _d33724000664645 _eC _fc.5 _h76513 _i24559 _si |
||
| 949 |
_a636.08 D5 _bBC _cC _d33724000679205 _eC _fc.6 _h76514 _i24559 _si |
||
| 999 |
_c19499 _d19499 |
||